| 000 -Cabecera (24) |
| Campo de control interno |
00776nam a22002414a 4500 |
| 001 - Número de control |
| Campo de control |
ESSALUD |
| 007 - Tipo material - Descripcion fisica - info general |
| Tipo material |
ta |
| 008 - Códigos de longitud fija (40p) |
| Campo de control de longitud fija |
t2017 pe gr 00| 0 spa d |
| 040 ## - Origen de la Catalogacion |
| Origen de la Catalogacion |
ESSALUD |
| 041 ## - Código de idioma (R) |
| Código de lengua del texto/banda sonora o título independiente (R) |
spa |
| 043 ## - Pais ISO |
| País ISO |
pe |
| 082 ## - Número de la Clasificación |
| Clasificación Dewey |
657.3 |
| Codigo Cutter |
G98E/2015-2016 |
| 110 ## - Autor Corporativo |
| Nombre de entidad corporativa o nombre de jurisdicción como elemento inicial (NR |
Gutiérrez Ríos y Asociados |
| Rol del autor |
autor |
| 9 (RLIN) |
52886 |
| 245 ## - Titulo |
| Titulo |
Seguro Social de Salud - EsSalud : estados financieros combinados al 31 de diciembre de 2016 y 2015, con el informe de los auditores independientes |
| 250 ## - Mencion de edicion |
| Mencion de edicion |
1 ed. |
| 260 ## - Editorial |
| Ciudad |
Lima : |
| Nombre de la Editorial |
Gutiérrez Ríos y Asociados, |
| Fecha |
2017 |
| 300 ## - Descripcion |
| Páginas |
80 páginas |
| 650 ## - Temas - Descriptores |
| Temas - Descriptores |
ESTADOS FINANCIEROS |
| 9 (RLIN) |
3290 |
| 650 ## - Temas - Descriptores |
| Temas - Descriptores |
SEGURIDAD SOCIAL |
| 9 (RLIN) |
2070 |
| 650 ## - Temas - Descriptores |
| Temas - Descriptores |
PERÚ |
| 9 (RLIN) |
13 |
| 710 ## - Autor Corporativo |
| Nombre de entidad corporativa o nombre de jurisdicción como elemento inicial (NR |
Portal Vega & Asociados |
| Rol del Autor |
autor |
| 9 (RLIN) |
52888 |
| 942 ## - Datos personalizados Koha |
| Tipo de Documento |
Libros |
| Fecha procesamiento |
2026-06-25 |
| Documentalista |
AFC |